000 00808nam a22002297a 4500
003 UA-OsUOA
001 89747
007 ta
008 20121109b un ||||| |||| 00| 0 ukr d
090 _a821.161.2
_bЗ-41
942 _cBK
040 _aUA-OsUOA
_bukr
_cUA-OsUOA
_dUA-OsUOA
245 _aЗброєю слова
_bзбірник творів, спрямованих проти українського буржуазного націоналізму
_cупор. О. Мазуркевич
300 _a422 с.
955 _a3
041 _aukr
080 _a821.161.2
260 _aК.
_bДніпро
_c1973
246 3 1 _aВипуск 1
_nУкраїнська дожовтнева література
650 7 _a82 Література. Літературознавство
_2UDC
999 _c376034
_d376034